[Event "NJSK 2019 Jeugd A"]
[Site "Assen, Netherlands"]
[Date "2019.04.28"]
[Round "1.2"]
[White "Vrolijk, Liam"]
[Black "Reichardt, Robin"]
[Result "1-0"]
[WhiteElo "2465"]
[BlackElo "2061"]
[PlyCount "67"]
[EventDate "2019.??.??"]

1. d4 d5 2. c4 c6 3. Nf3 e6 4. Nbd2 Nf6 5. g3 Nbd7 6. Bg2 Bd6 7. O-O O-O 8. Re1
b6 9. e4 dxe4 10. Ng5 Bb7 11. Ndxe4 Be7 12. Nc3 h6 13. Nf3 Re8 14. Bf4 Bb4 15.
Nd2 Qc8 16. Qf3 a6 17. a3 Bxc3 18. bxc3 Ra7 19. c5 bxc5 20. Nc4 Qa8 21. dxc5
Nxc5 22. Nd6 Rd8 23. c4 Ne8 24. Nxf7 Nd3 25. Nxd8 Nxe1 26. Rxe1 Qxd8 27. Qe3
Ra8 28. Qxe6+ Kh8 29. Qf7 Qc8 30. Qf8+ Kh7 31. Be4+ g6 32. Qf7+ Kh8 33. Be5+
Ng7 34. Qxg7# 1-0

[Event "NJSK 2019 Jeugd A"]
[Site "Assen, Netherlands"]
[Date "2019.04.28"]
[Round "1.3"]
[White "Gijsen, William"]
[Black "De Boer, Eelke"]
[Result "0-1"]
[WhiteElo "2041"]
[BlackElo "2338"]
[PlyCount "68"]
[EventDate "2019.??.??"]

1. e4 c5 2. Nf3 d6 3. d4 cxd4 4. Nxd4 Nf6 5. Nc3 a6 6. Be3 e5 7. Nb3 Be6 8. Be2
Be7 9. O-O Nbd7 10. f4 Rc8 11. f5 Bc4 12. Bxc4 Rxc4 13. Nd2 Rc8 14. Qf3 b5 15.
a3 a5 16. Nxb5 Rxc2 17. Rac1 Rxc1 18. Rxc1 O-O 19. Na7 Nb8 20. Nc8 Qd7 21.
Nxe7+ Qxe7 22. g4 Qb7 23. g5 Nfd7 24. f6 Rc8 25. Rf1 g6 26. Qh3 Nf8 27. Rb1 Ne6
28. Qf3 Nc6 29. h4 Ncd4 30. Bxd4 Nxd4 31. Qd3 Qd7 32. Kf2 Qg4 33. Rg1 Qf4+ 34.
Kg2 Rc2 0-1

[Event "NJSK 2019 Jeugd A"]
[Site "Assen, Netherlands"]
[Date "2019.04.28"]
[Round "1.4"]
[White "Halfhide, Sebastian"]
[Black "Van Hoorn, Geert"]
[Result "1-0"]
[WhiteElo "2274"]
[BlackElo "1965"]
[PlyCount "123"]
[EventDate "2019.??.??"]

1. e4 c5 2. Nf3 d6 3. g3 g6 4. Bg2 Bg7 5. O-O Nf6 6. d3 O-O 7. c3 Nc6 8. a3 Rb8
9. b4 c4 10. dxc4 Nxe4 11. Bb2 Nf6 12. Nbd2 Be6 13. Nd4 Nxd4 14. cxd4 d5 15. c5
Qd7 16. Re1 Qb5 17. Bf1 Qd7 18. b5 Rfe8 19. Rc1 Bh3 20. Bd3 Nh5 21. Nb3 f6 22.
c6 bxc6 23. Rxc6 e5 24. Nc5 Qf7 25. a4 e4 26. Be2 f5 27. Bxh5 gxh5 28. Qc1 f4
29. Qxf4 Qxf4 30. gxf4 Rf8 31. Re3 Bf5 32. Rb3 Kh8 33. Rc7 Bh6 34. Bc1 Ra8 35.
Rc6 Bg7 36. Be3 Bh3 37. Bc1 Bg4 38. h3 Bf3 39. Be3 Rg8 40. Kf1 Bf8 41. f5 Bg2+
42. Ke2 Bxh3 43. f6 Bg4+ 44. Kd2 h4 45. Bf4 h3 46. Ne6 Rg6 47. Nxf8 Rxf8 48.
Be5 h5 49. a5 Kh7 50. b6 axb6 51. axb6 e3+ 52. Kxe3 h2 53. Bxh2 Rgxf6 54. Rxf6
Rxf6 55. Bf4 Bc8 56. b7 Bxb7 57. Rxb7+ Kg6 58. Rd7 Rf5 59. Rd6+ Kg7 60. Be5+
Kh7 61. Rxd5 h4 62. Rd8 1-0

[Event "NJSK 2019 Jeugd A"]
[Site "Assen, Netherlands"]
[Date "2019.04.28"]
[Round "1.5"]
[White "Emans, Job"]
[Black "Mesman, Edwyn"]
[Result "0-1"]
[WhiteElo "1945"]
[BlackElo "2224"]
[PlyCount "102"]
[EventDate "2019.??.??"]

1. d4 Nf6 2. c4 g6 3. Nc3 d5 4. cxd5 Nxd5 5. e4 Nxc3 6. bxc3 Bg7 7. Bc4 c5 8.
Ne2 Nc6 9. Be3 O-O 10. O-O Bg4 11. f3 Bd7 12. Rb1 Qc7 13. Bd3 Rab8 14. Qd2 Rfc8
15. Rfc1 Na5 16. Bh6 Bh8 17. Bf4 e5 18. Bg3 c4 19. Bc2 Re8 20. Rd1 Rbd8 21. Bh4
Rb8 22. dxe5 Be6 23. f4 Bg4 24. h3 Bxe2 25. Qxe2 b5 26. Rd5 a6 27. Rbd1 Nb7 28.
Qf2 Bg7 29. Kh1 Qc6 30. Qd4 Bf8 31. Bf6 a5 32. f5 Nc5 33. Qe3 b4 34. Rd6 Qc7
35. R1d5 Rec8 36. Qg5 b3 37. Bb1 b2 38. Rd8 Rxd8 39. Bxd8 Qc6 40. Qd2 a4 41.
Rd4 Nd3 42. e6 fxe6 43. fxg6 e5 44. gxh7+ Kxh7 45. Rd5 Rb7 46. Qg5 Rf7 47. Qh5+
Kg8 48. Kh2 Qh6 49. Qg4+ Rg7 50. Qe2 Nf4 51. Qxb2 Rxg2+ 0-1

[Event "NJSK 2019 Jeugd A"]
[Site "Assen, Netherlands"]
[Date "2019.04.28"]
[Round "1.6"]
[White "Van Dael, Siem"]
[Black "Van Doren, Bas"]
[Result "1-0"]
[WhiteElo "2206"]
[BlackElo "1945"]
[PlyCount "71"]
[EventDate "2019.??.??"]

1. e4 c5 2. Nf3 e6 3. d4 cxd4 4. Nxd4 a6 5. c4 Nf6 6. Nc3 Qc7 7. a3 b6 8. Be3
Bb7 9. f3 d6 10. Qd2 Nbd7 11. Rc1 Be7 12. Be2 O-O 13. O-O Rac8 14. b4 Qb8 15.
Rfd1 Bd8 16. Nb3 Bc7 17. Kh1 Rfe8 18. Bf4 Ne5 19. Bxe5 dxe5 20. c5 b5 21. a4
bxa4 22. Nxa4 Bc6 23. Nb2 Bb5 24. Bxb5 Qxb5 25. Nc4 Rb8 26. Nd6 Bxd6 27. cxd6
Nd7 28. Nc5 Red8 29. Nxd7 Rxd7 30. Rc5 Qb6 31. Qc3 f6 32. Rc6 Qxb4 33. Rc8+ Kf7
34. Qc6 Rbb7 35. Rb8 Qb5 36. Qxb7 1-0

[Event "NJSK 2019 Jeugd A"]
[Site "Assen, Netherlands"]
[Date "2019.04.28"]
[Round "1.7"]
[White "Ghebreab, Elnathan"]
[Black "Van Randtwijk, Mick"]
[Result "1-0"]
[WhiteElo "1882"]
[BlackElo "2168"]
[PlyCount "89"]
[EventDate "2019.??.??"]

1. e4 c5 2. Nc3 d6 3. f4 g6 4. Nf3 Bg7 5. Bc4 Nc6 6. O-O e6 7. d4 cxd4 8. Nb5
Nge7 9. Bb3 O-O 10. Nbxd4 a6 11. Be3 Qc7 12. Qe1 d5 13. Nxc6 bxc6 14. Bc5 dxe4
15. Ne5 Rd8 16. Qxe4 Bb7 17. Nxf7 Re8 18. Nd6 Nd5 19. Nxe8 Rxe8 20. Bd4 Bf8 21.
Bxd5 cxd5 22. Qe5 Qxe5 23. fxe5 Rc8 24. c3 a5 25. b3 Ba3 26. Rf6 Rc6 27. Raf1
Be7 28. Rf7 Rc7 29. g4 Bc6 30. R7f3 Rb7 31. Kg2 Rb8 32. Kg3 g5 33. Be3 Be8 34.
h4 gxh4+ 35. Kh3 Bg6 36. Bd4 Bg5 37. Be3 Be7 38. Bd4 Bg5 39. Bc5 Rb5 40. Bd6 a4
41. Rf8+ Kg7 42. Ra8 Bd3 43. Rff8 Bh6 44. Ra7+ Kg6 45. Rg8+ 1-0

[Event "NJSK 2019 Jeugd A"]
[Site "Assen, Netherlands"]
[Date "2019.04.28"]
[Round "1.9"]
[White "Ypma, Jord"]
[Black "Van Roon, Sjoerd"]
[Result "1-0"]
[WhiteElo "1854"]
[BlackElo "2115"]
[PlyCount "71"]
[EventDate "2019.??.??"]

1. d4 Nf6 2. c4 e6 3. Nc3 d5 4. cxd5 exd5 5. Bg5 Be7 6. e3 Be6 7. Bd3 O-O 8.
Nge2 Nbd7 9. O-O h6 10. Bh4 Rb8 11. f3 c5 12. Qd2 c4 13. Bc2 b5 14. a3 a5 15.
Bg3 Rb7 16. e4 b4 17. axb4 axb4 18. Nd1 Nb6 19. e5 Nfd7 20. f4 f5 21. Ne3 Qc7
22. Qe1 Ra7 23. Rxa7 Qxa7 24. Bh4 Nb8 25. Bxe7 Qxe7 26. g4 fxg4 27. f5 Qg5 28.
Nf4 Bc8 29. Ng6 Re8 30. f6 Be6 31. Nf5 gxf6 32. exf6 Bf7 33. Nfe7+ Rxe7 34.
Qxe7 g3 35. Qf8+ Kh7 36. Qh8# 1-0

[Event "NJSK 2019 Jeugd A"]
[Site "Assen, Netherlands"]
[Date "2019.04.28"]
[Round "1.10"]
[White "Pols, Wiggert"]
[Black "Van Aken, Jelmer"]
[Result "1-0"]
[WhiteElo "2104"]
[BlackElo "1698"]
[PlyCount "59"]
[EventDate "2019.??.??"]

1. Nf3 Nf6 2. g3 d5 3. Bg2 e6 4. O-O Be7 5. d4 O-O 6. c4 c6 7. Qc2 b6 8. cxd5
cxd5 9. Bf4 Ba6 10. Ne5 Nbd7 11. Nc6 Rc8 12. Qa4 Rxc6 13. Qxc6 Bxe2 14. Rc1 Nb8
15. Qc7 Nfd7 16. Qxa7 Bf6 17. Bc7 Qc8 18. Nd2 Qa6 19. Qxa6 Nxa6 20. Bd6 Ra8 21.
Nb3 Bc4 22. Bf1 b5 23. Re1 Nab8 24. Nc5 Nxc5 25. Bxc5 Nd7 26. Bb4 Ra4 27. a3
Nb8 28. Rac1 g6 29. b3 Bxb3 30. Rc8+ 1-0

[Event "NJSK 2019 Jeugd A"]
[Site "Assen, Netherlands"]
[Date "2019.04.29"]
[Round "2.1"]
[White "Warmerdam, Max"]
[Black "Van Dael, Siem"]
[Result "1/2-1/2"]
[WhiteElo "2472"]
[BlackElo "2206"]
[PlyCount "51"]
[EventDate "2019.??.??"]

1. e4 c5 2. Nf3 Nc6 3. d4 cxd4 4. Nxd4 Nf6 5. Nc3 e5 6. Ndb5 d6 7. Bg5 a6 8.
Na3 b5 9. Bxf6 gxf6 10. Nd5 f5 11. Bd3 Be6 12. O-O Bxd5 13. exd5 Ne7 14. Re1
Bg7 15. c3 O-O 16. Qh5 e4 17. Bf1 Re8 18. Nc2 Nxd5 19. Qxf5 Re5 20. Qh3 Nf4 21.
Qg4 Ne6 22. a4 bxa4 23. Rxa4 d5 24. Nb4 Rg5 25. Qd1 a5 26. Nc2 1/2-1/2

[Event "NJSK 2019 Jeugd A"]
[Site "Assen, Netherlands"]
[Date "2019.04.29"]
[Round "2.2"]
[White "Elgersma, Simon"]
[Black "Vrolijk, Liam"]
[Result "0-1"]
[WhiteElo "2137"]
[BlackElo "2465"]
[PlyCount "82"]
[EventDate "2019.??.??"]

1. e4 c5 2. Nf3 Nc6 3. Bb5 g6 4. O-O Bg7 5. Re1 e5 6. b4 Nxb4 7. Bb2 Qb6 8. Na3
a6 9. Ba4 Qc7 10. Qe2 Ne7 11. c3 Nbc6 12. Bxc6 Nxc6 13. Nc4 O-O 14. a4 d6 15.
Ne3 Be6 16. Ng5 Bd7 17. Nd5 Qd8 18. f4 exf4 19. Nf3 g5 20. g3 g4 21. Nh4 f3 22.
Qf1 Be6 23. Ne3 c4 24. Nhf5 Bxf5 25. exf5 Ne5 26. Reb1 Bh6 27. Nxc4 Qf6 28. Ba3
Rfd8 29. Rxb7 Qxf5 30. Nxd6 Qg6 31. d4 Be3+ 32. Kh1 Nd3 33. Nc4 Nf2+ 34. Kg1
Nh3+ 35. Kh1 Nf2+ 36. Kg1 Nh3+ 37. Kh1 Qc6 38. Rb6 Qe4 39. Qb1 Nf2+ 40. Kg1
Nd3+ 41. Kf1 Bc1 0-1

[Event "NJSK 2019 Jeugd A"]
[Site "Assen, Netherlands"]
[Date "2019.04.29"]
[Round "2.3"]
[White "De Boer, Eelke"]
[Black "Pols, Wiggert"]
[Result "1/2-1/2"]
[WhiteElo "2338"]
[BlackElo "2104"]
[PlyCount "116"]
[EventDate "2019.??.??"]

1. e4 c5 2. Nf3 Nc6 3. d4 cxd4 4. Nxd4 e5 5. Nb5 d6 6. N1c3 a6 7. Na3 b5 8. Nd5
Nge7 9. c4 Nxd5 10. exd5 Nd4 11. cxb5 Bd7 12. Bd3 axb5 13. O-O Be7 14. Be3 Qb8
15. Bxd4 exd4 16. Re1 Kd8 17. Nc2 Bf6 18. Nb4 Qb6 19. Qb3 Rc8 20. Rec1 Rc5 21.
Be4 Re8 22. Qd3 Bg5 23. Rc2 Rxc2 24. Nxc2 Qc5 25. g3 g6 26. Nxd4 Bf6 27. Rd1
Bxd4 28. Qxd4 Qxd4 29. Rxd4 Bh3 30. f4 f5 31. Bf3 Re1+ 32. Kf2 Rb1 33. Rd2 Rc1
34. Be2 Rh1 35. Bxb5 Rxh2+ 36. Ke3 Rh1 37. a4 Rg1 38. Kf3 Rc1 39. Bc6 Kc7 40.
a5 Bf1 41. Rh2 h5 42. Rd2 Ra1 43. Be8 Rxa5 44. Bxg6 Bh3 45. Bxh5 Rb5 46. Kf2
Kb6 47. Be2 Rb4 48. Rc2 Kb7 49. Bc4 Ra4 50. Rc1 Kb6 51. Ke3 Ra7 52. Bd3 Ra2 53.
Rc6+ Kb7 54. Rxd6 Rxb2 55. Rf6 Rb3 56. Kd4 Kc7 57. Re6 Kd7 58. Ra6 Rxd3+
1/2-1/2

[Event "NJSK 2019 Jeugd A"]
[Site "Assen, Netherlands"]
[Date "2019.04.29"]
[Round "2.4"]
[White "Ghebreab, Elnathan"]
[Black "Halfhide, Sebastian"]
[Result "1-0"]
[WhiteElo "1882"]
[BlackElo "2274"]
[PlyCount "125"]
[EventDate "2019.??.??"]

1. e4 c5 2. Nc3 Nc6 3. f4 a6 4. Nf3 e6 5. d4 cxd4 6. Nxd4 Qc7 7. Nxc6 Qxc6 8.
Qd4 b5 9. a3 Bb7 10. Be2 Nf6 11. Bf3 Qc5 12. Be3 Qxd4 13. Bxd4 b4 14. axb4 Bxb4
15. Ra4 a5 16. O-O Bc6 17. e5 d5 18. exf6 Bxc3 19. fxg7 Rg8 20. Rc4 Bxd4+ 21.
Rxd4 O-O-O 22. c4 Kb7 23. Rfd1 Rxg7 24. cxd5 exd5 25. Bxd5 Bxd5 26. Rxd5 Rxd5
27. Rxd5 Kb6 28. Rd7 Kc6 29. Ra7 Kb6 30. Re7 a4 31. f5 Rg4 32. Rxf7 Rb4 33. Rf8
Kb7 34. Rf7+ Kb6 35. Rf6+ Kb7 36. Re6 Rxb2 37. Re3 Rb3 38. Re7+ Kb6 39. f6 a3
40. Re2 Rb1+ 41. Kf2 Rb5 42. Kg3 Rf5 43. Ra2 Rxf6 44. Rxa3 Kc5 45. Rd3 Rg6+ 46.
Kf2 Rf6+ 47. Kg1 Rg6 48. Rd7 h5 49. Kf2 Rg5 50. Kf3 Kc6 51. Rd8 Kc7 52. Rd2 Kc6
53. g3 Rf5+ 54. Kg2 Rg5 55. Kh3 Re5 56. Kh4 Rf5 57. h3 Re5 58. g4 hxg4 59. hxg4
Rd5 60. Rxd5 Kxd5 61. Kg5 Ke6 62. Kg6 Ke7 63. Kg7 1-0

[Event "NJSK 2019 Jeugd A"]
[Site "Assen, Netherlands"]
[Date "2019.04.29"]
[Round "2.5"]
[White "Mesman, Edwyn"]
[Black "Ypma, Jord"]
[Result "1/2-1/2"]
[WhiteElo "2224"]
[BlackElo "1854"]
[PlyCount "47"]
[EventDate "2019.??.??"]

1. d4 d5 2. c4 c6 3. Nf3 Nf6 4. Nc3 e6 5. Bg5 dxc4 6. e4 b5 7. e5 h6 8. Bh4 g5
9. Nxg5 hxg5 10. Bxg5 Nbd7 11. g3 Bb7 12. Bg2 Qb6 13. exf6 O-O-O 14. O-O c5 15.
d5 b4 16. Na4 Qa6 17. a3 Bxd5 18. Bxd5 Ne5 19. axb4 Rxd5 20. Qe2 cxb4 21. b3
Qc6 22. Qe4 c3 23. Be3 Ra5 24. Qxc6+ 1/2-1/2

[Event "NJSK 2019 Jeugd A"]
[Site "Assen, Netherlands"]
[Date "2019.04.29"]
[Round "2.6"]
[White "Van Randtwijk, Mick"]
[Black "Van Hoorn, Geert"]
[Result "0-1"]
[WhiteElo "2168"]
[BlackElo "1965"]
[PlyCount "76"]
[EventDate "2019.??.??"]

1. e4 c5 2. Nf3 d6 3. d4 cxd4 4. Nxd4 Nf6 5. Nc3 g6 6. Be3 Bg7 7. f3 O-O 8. Qd2
Nc6 9. O-O-O d5 10. Qe1 e5 11. Nxc6 bxc6 12. exd5 Nxd5 13. Bc4 Be6 14. Kb1 a5
15. Ne4 f5 16. Ng5 Bc8 17. h4 h6 18. Ne4 fxe4 19. fxe4 Be6 20. a4 Rb8 21. Bb3
Kh7 22. exd5 cxd5 23. h5 g5 24. Ka2 Qd7 25. Bc5 Rfc8 26. Ba3 d4 27. Qe2 Bxb3+
28. cxb3 Qd5 29. Rh3 e4 30. Rd2 Rc1 31. Qa6 d3 32. Qg6+ Kh8 33. Rdxd3 exd3 34.
Rxd3 Qc6 35. Bd6 Qxa4+ 36. Ba3 Ra1+ 37. Kxa1 Qxa3+ 38. Kb1 Qxb2# 0-1

[Event "NJSK 2019 Jeugd A"]
[Site "Assen, Netherlands"]
[Date "2019.04.29"]
[Round "2.7"]
[White "Van Roon, Sjoerd"]
[Black "Emans, Job"]
[Result "1-0"]
[WhiteElo "2115"]
[BlackElo "1945"]
[PlyCount "95"]
[EventDate "2019.??.??"]

1. e4 e5 2. Nf3 Nc6 3. Bc4 Bc5 4. c3 Nf6 5. d3 a6 6. a4 d6 7. Nbd2 a5 8. O-O
O-O 9. h3 Be6 10. Re1 h6 11. Nf1 Bxc4 12. dxc4 Ne7 13. Ng3 Qd7 14. Nh4 Kh7 15.
Be3 Bxe3 16. Rxe3 g6 17. Nf3 Qc6 18. Nd2 Nd7 19. Qc2 Nc5 20. Rf3 Ne6 21. h4 Nf4
22. b3 Qd7 23. h5 Qg4 24. Ndf1 gxh5 25. Ne3 Qg5 26. Ne2 Rg8 27. Rg3 Qh4 28.
Nxf4 exf4 29. Rxg8 Rxg8 30. e5+ Kh8 31. Qe4 Qg5 32. exd6 cxd6 33. Nd5 Nc6 34.
Nxf4 f5 35. Qe3 h4 36. Kh1 Rg7 37. Rg1 Re7 38. Qc1 Re4 39. Nh3 Qg7 40. Qd2 Qf6
41. Rd1 Kg7 42. f3 Re7 43. Nf4 Qg5 44. Qxd6 Kh7 45. Nd5 h3 46. gxh3 Rf7 47. Rg1
Qh5 48. Qg3 1-0

[Event "NJSK 2019 Jeugd A"]
[Site "Assen, Netherlands"]
[Date "2019.04.29"]
[Round "2.8"]
[White "Van Doren, Bas"]
[Black "Van Foreest, Machteld"]
[Result "0-1"]
[WhiteElo "1945"]
[BlackElo "2065"]
[PlyCount "52"]
[EventDate "2019.??.??"]

1. e4 e5 2. Nf3 Nc6 3. Bc4 Bc5 4. b4 Bxb4 5. c3 Ba5 6. d4 b5 7. Bxb5 Nxd4 8.
Nxd4 exd4 9. O-O Ne7 10. cxd4 O-O 11. d5 Rb8 12. Bc4 Ng6 13. Ba3 Re8 14. d6 Qf6
15. Nd2 cxd6 16. e5 Nxe5 17. Ne4 Qg6 18. Bd5 Ba6 19. Nxd6 Bxf1 20. Qxf1 Rf8 21.
Be4 Qf6 22. Nb7 Bb6 23. Bxf8 Kxf8 24. a4 Ng4 25. Ra2 Qf4 26. Qc4 Bxf2+ 0-1

[Event "NJSK 2019 Jeugd A"]
[Site "Assen, Netherlands"]
[Date "2019.04.29"]
[Round "2.9"]
[White "Reichardt, Robin"]
[Black "Achuthan, Dylan"]
[Result "0-1"]
[WhiteElo "2061"]
[BlackElo "1863"]
[PlyCount "82"]
[EventDate "2019.??.??"]

1. d4 Nf6 2. c4 g6 3. Nf3 Bg7 4. Nc3 d5 5. h4 h6 6. Bf4 O-O 7. e3 c5 8. dxc5
Ne4 9. Nxe4 dxe4 10. Qxd8 Rxd8 11. Bxb8 exf3 12. Bc7 Rd7 13. Ba5 Bxb2 14. Rb1
Bf6 15. gxf3 b6 16. Bg2 Bb7 17. cxb6 axb6 18. Bxb6 Bc3+ 19. Kf1 Rxa2 20. Kg1
Rdd2 21. e4 Bc6 22. Be3 Rdc2 23. Rd1 Be5 24. c5 Bg3 25. Rf1 Bb5 26. Rc1 Bxf2+
27. Kh2 Bxe3 28. Rxc2 Rxc2 29. Kg3 Bxc5 30. Rb1 Bd3 31. Rb8+ Kg7 32. Rb3 Bc4
33. Rb7 Bd6+ 34. f4 Bd3 35. Bf3 Rc3 36. Kf2 Bxf4 37. Rxe7 Rc2+ 38. Kg1 Be3+ 39.
Kh1 Bf1 40. Rd7 Rf2 41. Bd1 Bg2+ 0-1

[Event "NJSK 2019 Jeugd A"]
[Site "Assen, Netherlands"]
[Date "2019.04.29"]
[Round "2.10"]
[White "Van Aken, Jelmer"]
[Black "Gijsen, William"]
[Result "0-1"]
[WhiteElo "1698"]
[BlackElo "2041"]
[PlyCount "63"]
[EventDate "2019.??.??"]

1. e4 c5 2. Nf3 e6 3. d4 cxd4 4. Nxd4 Nf6 5. Nc3 Bb4 6. e5 Nd5 7. Bd2 Nxc3 8.
Bxc3 Bxc3+ 9. bxc3 Qc7 10. Nb5 Qxe5+ 11. Qe2 Qxe2+ 12. Bxe2 Na6 13. Nd6+ Ke7
14. O-O-O Nc5 15. Rd4 b6 16. Rhd1 Rb8 17. Bf3 Rd8 18. Rf4 f6 19. g4 Bb7 20.
Bxb7 Nxb7 21. Rfd4 Nxd6 22. Rxd6 Rbc8 23. Kb2 Rc6 24. Rxc6 dxc6 25. Rxd8 Kxd8
26. f4 Kd7 27. c4 Kd6 28. Kc3 Kc5 29. a3 a5 30. Kd3 b5 31. cxb5 Kxb5 32. Kd4
0-1

[Event "NJSK 2019 Jeugd A"]
[Site "Assen, Netherlands"]
[Date "2019.04.30"]
[Round "3.2"]
[White "Pols, Wiggert"]
[Black "Warmerdam, Max"]
[Result "1/2-1/2"]
[WhiteElo "2104"]
[BlackElo "2472"]
[PlyCount "116"]
[EventDate "2019.??.??"]

1. Nf3 d5 2. g3 c6 3. Bg2 Bg4 4. O-O Nd7 5. d3 Ngf6 6. h3 Bh5 7. c4 dxc4 8.
dxc4 e5 9. Nc3 Qc7 10. g4 Bg6 11. Nh4 Be7 12. a3 a5 13. Nxg6 hxg6 14. Rb1 Nc5
15. b4 Rd8 16. Nd5 cxd5 17. bxc5 Bxc5 18. cxd5 O-O 19. d6 Bxd6 20. Rxb7 Qc4 21.
Qd3 Qxd3 22. exd3 Rd7 23. Rb5 Bc7 24. Rc5 Rfd8 25. Bb2 Bb6 26. Rb5 Bd4 27. Bxd4
Rxd4 28. Rxa5 Rxd3 29. Re1 Nd5 30. Be4 Rd4 31. Bxd5 R8xd5 32. Rxe5 Rxa5 33.
Rxa5 Rd3 34. Kg2 g5 35. Ra7 g6 36. a4 Ra3 37. a5 Kg7 38. a6 Kf6 39. f3 Ke6 40.
Kf2 f5 41. gxf5+ gxf5 42. Rh7 Ke5 43. a7 Kf4 44. h4 Ra2+ 45. Ke1 gxh4 46. Rxh4+
Kxf3 47. Rh7 f4 48. Rf7 Ra1+ 49. Kd2 Kg3 50. Ke2 Ra2+ 51. Kf1 Ra3 52. Ke2 Ra2+
53. Kf1 Kf3 54. Ke1 Ra3 55. Kd2 Ra1 56. Kd3 Ra2 57. Kc4 Kg2 58. Rxf4 Rxa7
1/2-1/2

[Event "NJSK 2019 Jeugd A"]
[Site "Assen, Netherlands"]
[Date "2019.04.30"]
[Round "3.3"]
[White "Ypma, Jord"]
[Black "De Boer, Eelke"]
[Result "0-1"]
[WhiteElo "1854"]
[BlackElo "2338"]
[PlyCount "130"]
[EventDate "2019.??.??"]

1. d4 Nf6 2. c4 g6 3. g3 Bg7 4. Bg2 O-O 5. Nc3 d6 6. Nf3 Nc6 7. O-O a6 8. h3
Bd7 9. e4 e5 10. dxe5 dxe5 11. Be3 Qc8 12. Kh2 Be6 13. b3 Rd8 14. Qc1 b6 15.
Ng5 Nd4 16. Nd5 Nxd5 17. cxd5 Bd7 18. Qd2 c5 19. Bxd4 cxd4 20. f4 f6 21. Nf3
Qc7 22. fxe5 fxe5 23. Qg5 Qd6 24. Nd2 b5 25. a3 Rdc8 26. Nf3 Rc3 27. b4 a5 28.
bxa5 h6 29. Qd2 Rxa5 30. Nh4 Raxa3 31. Rxa3 Rxa3 32. Qf2 Be8 33. Rc1 Ra8 34.
Bf1 Bd7 35. Qb2 g5 36. Ng2 Qg6 37. Bd3 Qh5 38. h4 Qg4 39. Bxb5 Bxb5 40. Qxb5
Qxe4 41. Qc4 Qg6 42. d6+ Qf7 43. Qb5 Rd8 44. Rc7 Qe6 45. d7 Bf6 46. Qb7 e4 47.
Rc6 Qe7 48. Rxf6 Qxf6 49. Qxe4 Kf7 50. Ne1 Rxd7 51. hxg5 hxg5 52. Nf3 Kg7 53.
Qg4 Rd5 54. Qe4 Rd8 55. Kg2 d3 56. Nd2 Rd7 57. Qg4 Re7 58. Ne4 Qc6 59. Qxg5+
Kf8 60. Qf4+ Ke8 61. Qb8+ Kd7 62. Qa7+ Ke6 63. Qa2+ Kf5 64. Qa5+ Kxe4 65. Qh5
Kd4+ 0-1

[Event "NJSK 2019 Jeugd A"]
[Site "Assen, Netherlands"]
[Date "2019.04.30"]
[Round "3.4"]
[White "Van Dael, Siem"]
[Black "Mesman, Edwyn"]
[Result "1/2-1/2"]
[WhiteElo "2206"]
[BlackElo "2224"]
[PlyCount "159"]
[EventDate "2019.??.??"]

1. e4 c6 2. Nc3 d5 3. d4 dxe4 4. Nxe4 Nf6 5. Nxf6+ exf6 6. c3 Bd6 7. Bd3 O-O 8.
Qc2 Re8+ 9. Ne2 h5 10. Be3 Nd7 11. O-O-O Nf8 12. Ng3 g6 13. Ne4 Be6 14. Kb1 Be7
15. h4 Qd5 16. c4 Qd8 17. Nc3 Rc8 18. Qb3 b5 19. d5 bxc4 20. Bxc4 cxd5 21. Nxd5
Qa5 22. Nxe7+ Rxe7 23. Bxe6 Nxe6 24. Rd5 Qa6 25. Qd3 Qa4 26. g3 Rec7 27. Rd1
Kg7 28. f4 Nc5 29. Qd4 Qxd4 30. R5xd4 Re8 31. Bd2 Ne4 32. Ba5 Rb7 33. Rd7 Rxd7
34. Rxd7 Nxg3 35. Rxa7 g5 36. fxg5 fxg5 37. hxg5 h4 38. Bc7 Kg6 39. b4 Ne4 40.
a4 Nc3+ 41. Kb2 Nd5 42. Bd6 Re6 43. Bc5 h3 44. Ra8 Kxg5 45. Rd8 Nf4 46. Rd1 Kg4
47. b5 h2 48. Rh1 Kg3 49. Bg1 hxg1=Q 50. Rxg1+ Kh4 51. Rf1 Kg4 52. Kb3 f5 53.
a5 Nd5 54. Rd1 Ne3 55. Rg1+ Kh3 56. b6 Re5 57. Ka4 Rxa5+ 58. Kxa5 Nc4+ 59. Kb5
Nxb6 60. Rf1 Nd5 61. Rxf5 Nc3+ 62. Kc4 Ne4 63. Kd4 Ng3 64. Rg5 Kh4 65. Rg8 Nh5
66. Ke5 Ng3 67. Rg7 Nh5 68. Rg6 Kh3 69. Ke4 Ng3+ 70. Kf3 Nh5 71. Rg4 Nf6 72.
Rg5 Kh4 73. Rf5 Nh5 74. Re5 Ng3 75. Re8 Nh5 76. Rg8 Kh3 77. Rg2 Kh4 78. Rg1 Nf6
79. Kf4 Nh5+ 80. Kf3 1/2-1/2

[Event "NJSK 2019 Jeugd A"]
[Site "Assen, Netherlands"]
[Date "2019.04.30"]
[Round "3.5"]
[White "Halfhide, Sebastian"]
[Black "Van Foreest, Machteld"]
[Result "1-0"]
[WhiteElo "2274"]
[BlackElo "2065"]
[PlyCount "69"]
[EventDate "2019.??.??"]

1. c4 e5 2. Nc3 Nf6 3. Nf3 Nc6 4. e3 Be7 5. d4 exd4 6. exd4 d5 7. h3 O-O 8.
cxd5 Nxd5 9. Bd3 Bb4 10. O-O Nxc3 11. bxc3 Bxc3 12. Bxh7+ Kh8 13. Ng5 g6 14.
Nxf7+ Rxf7 15. Bxg6 Rf5 16. Bxf5 Bxf5 17. Qh5+ Kg8 18. Qxf5 Bxa1 19. d5 Ne7 20.
Qe6+ Kh8 21. Bg5 Qxd5 22. Qxe7 Bg7 23. Bf6 Rg8 24. g3 Qh5 25. Rb1 b6 26. Rb4
Qd1+ 27. Kh2 Bxf6 28. Qxf6+ Rg7 29. Rh4+ Kg8 30. Qe6+ Rf7 31. Qg6+ Kf8 32. Rh8+
Ke7 33. Qg5+ Rf6 34. Qe5+ Kf7 35. Qe8+ 1-0

[Event "NJSK 2019 Jeugd A"]
[Site "Assen, Netherlands"]
[Date "2019.04.30"]
[Round "3.6"]
[White "Gijsen, William"]
[Black "Elgersma, Simon"]
[Result "0-1"]
[WhiteElo "2041"]
[BlackElo "2137"]
[PlyCount "58"]
[EventDate "2019.??.??"]

1. e4 e6 2. d4 d5 3. Nc3 Nf6 4. Bg5 Bb4 5. e5 h6 6. Bd2 Bxc3 7. bxc3 Ne4 8. Bc1
c5 9. Ne2 Qa5 10. f3 Nxc3 11. Qd2 cxd4 12. Nxd4 Qc5 13. a4 Nc6 14. Nxc6 bxc6
15. Ba3 Qa5 16. Rb1 d4 17. Rb3 Qxe5+ 18. Kf2 f5 19. Bc4 Kf7 20. Re1 Qf6 21. Qf4
Nd5 22. Bxd5 cxd5 23. Qc7+ Kg6 24. Qc6 e5 25. Bd6 Rd8 26. Qxd5 Be6 27. Qxe5
Bxb3 28. Qxf6+ gxf6 29. Be7 Bxc2 0-1

[Event "NJSK 2019 Jeugd A"]
[Site "Assen, Netherlands"]
[Date "2019.04.30"]
[Round "3.7"]
[White "Van Hoorn, Geert"]
[Black "Van Roon, Sjoerd"]
[Result "1/2-1/2"]
[WhiteElo "1965"]
[BlackElo "2115"]
[PlyCount "115"]
[EventDate "2019.??.??"]

1. e4 e5 2. Nf3 Nc6 3. d4 exd4 4. Nxd4 Nf6 5. Nxc6 bxc6 6. e5 Qe7 7. Qe2 Nd5 8.
h4 Qe6 9. c4 Nb6 10. g3 Bb7 11. b3 Bb4+ 12. Bd2 c5 13. Bh3 Qc6 14. Rg1 O-O-O
15. Nc3 Rhe8 16. O-O-O Ba3+ 17. Kc2 Qg6+ 18. Qd3 Qxd3+ 19. Kxd3 Rxe5 20. Bf4
Re7 21. Nb5 Bb4 22. Bxc7 Be4+ 23. Ke3 Bg2+ 24. Kf4 Bxh3 25. Bxd8 Kxd8 26. g4 f5
27. gxf5 h5 28. Rg3 Bg4 29. f3 a6 30. Nd6 Bc3 31. fxg4 Be5+ 32. Kf3 Bxg3 33.
Kxg3 Re2 34. Nb7+ Ke7 35. g5 Re3+ 36. Kf4 Re2 37. Nxc5 Rxa2 38. Re1+ Kd6 39.
Ne4+ Kc6 40. f6 gxf6 41. gxf6 d5 42. cxd5+ Nxd5+ 43. Ke5 Nxf6 44. Nxf6 a5 45.
Kd4 a4 46. Kc3 Rh2 47. Re6+ Kb7 48. bxa4 Rxh4 49. Kb3 Rh1 50. Kb4 h4 51. Kb5 h3
52. Re7+ Kc8 53. Re8+ Kb7 54. Ka5 Rf1 55. Re7+ Kc6 56. Ng4 Rf5+ 57. Ka6 Rf4 58.
a5 1/2-1/2

[Event "NJSK 2019 Jeugd A"]
[Site "Assen, Netherlands"]
[Date "2019.04.30"]
[Round "3.8"]
[White "Achuthan, Dylan"]
[Black "Van Randtwijk, Mick"]
[Result "0-1"]
[WhiteElo "1863"]
[BlackElo "2168"]
[PlyCount "64"]
[EventDate "2019.??.??"]

1. e4 c5 2. Nf3 d6 3. d4 cxd4 4. Nxd4 Nf6 5. Nc3 a6 6. h3 e5 7. Nde2 Be6 8. g4
Be7 9. Bg2 O-O 10. O-O Nc6 11. Kh1 Nd7 12. Nd5 Rc8 13. c3 b5 14. Ng3 Re8 15.
Nf5 Bf8 16. Qf3 Na5 17. Qg3 Nc4 18. h4 Nc5 19. g5 Kh8 20. h5 Bxd5 21. exd5 Qd7
22. Bh3 Qb7 23. Bg2 e4 24. Bf4 Qxd5 25. Nh4 Nxb2 26. Qg4 Nbd3 27. g6 Nxf4 28.
Qxf4 Qxh5 29. gxf7 Re7 30. Kg1 Rxf7 31. Qg3 Be7 32. Qh3 Rcf8 0-1

[Event "NJSK 2019 Jeugd A"]
[Site "Assen, Netherlands"]
[Date "2019.04.30"]
[Round "3.9"]
[White "Van Doren, Bas"]
[Black "Reichardt, Robin"]
[Result "1-0"]
[WhiteElo "1945"]
[BlackElo "2061"]
[PlyCount "117"]
[EventDate "2019.??.??"]

1. e4 e5 2. Nf3 Nc6 3. d4 exd4 4. Nxd4 Bc5 5. Be3 Qf6 6. c3 Nge7 7. Bc4 O-O 8.
O-O b6 9. Nc2 Ne5 10. Be2 N5g6 11. g3 Bb7 12. Nd2 d5 13. Bxc5 bxc5 14. exd5
Bxd5 15. Bf3 Rad8 16. Bxd5 Nxd5 17. Ne4 Qf5 18. Qe2 Rfe8 19. Rae1 Re6 20. f3
Qh5 21. Qd2 Ree8 22. Qg5 Qxg5 23. Nxg5 Ne5 24. f4 Nc4 25. Rxe8+ Rxe8 26. b3 Nd6
27. c4 Nc3 28. Ne1 h6 29. Ngf3 Nxa2 30. Nd3 Ne4 31. Ra1 Nb4 32. Nxb4 cxb4 33.
Rxa7 c5 34. Ne5 Nd2 35. Nxf7 Nxb3 36. Ne5 Rd8 37. Rc7 Rd1+ 38. Kf2 Rd4 39. Rc8+
Kh7 40. f5 Rd6 41. Ng6 Rxg6 42. fxg6+ Kxg6 43. Ke3 Kf5 44. h3 Ke5 45. Rc6 Kf5
46. Kd3 h5 47. Rd6 g5 48. Ke3 Ke5 49. Rd5+ Kf6 50. Ke4 Kg6 51. Rd6+ Kf7 52. Kd5
Nd2 53. Rb6 Nb3 54. Rh6 Nd2 55. Rxh5 b3 56. Rh7+ Kg6 57. Rb7 Kf5 58. Rb6 g4 59.
h4 1-0